|
|
|
|
| LEADER |
00000nam0a2200000 4500 |
| 001 |
30212 |
| 005 |
20231030203828.0 |
| 010 |
|
|
|a 5020052027
|
| 035 |
|
|
|a (RuTPU)RU\TPU\book\30482
|
| 035 |
|
|
|a BOOK00030559
|
| 090 |
|
|
|a 30212
|
| 100 |
|
|
|a 20011209d2001 km y0rusy50 ca
|
| 101 |
0 |
|
|a rus
|
| 102 |
|
|
|a RU
|
| 105 |
|
|
|a y z 001zb
|
| 200 |
1 |
|
|a Глобальные проблемы биосферы
|e Статьи
|
| 210 |
|
|
|a Москва
|c Наука
|d 2001
|
| 215 |
|
|
|a 197 с.
|
| 225 |
1 |
|
|a Чтения памяти академика А. Л. Яншина
|v Вып. 1
|
| 320 |
|
|
|a Библиогр. в конце статей
|
| 600 |
|
1 |
|a Яншин
|g Александр Леонидович
|c российский геолог
|f 1911 - 1999
|b А. Л.
|2 stltpui
|3 (RuTPU)RU\TPU\pers\1173
|
| 610 |
1 |
|
|a экология
|
| 610 |
1 |
|
|a биосфера
|
| 610 |
1 |
|
|a климатология
|
| 610 |
1 |
|
|a население
|
| 610 |
1 |
|
|a атомная энергетика
|
| 610 |
1 |
|
|a сельское хозяйство
|
| 610 |
1 |
|
|a леса
|
| 610 |
1 |
|
|a растения
|
| 610 |
1 |
|
|a животные
|
| 610 |
1 |
|
|a культура
|
| 610 |
1 |
|
|a Волга
|
| 610 |
1 |
|
|a реки
|
| 675 |
|
|
|a 574
|v 3
|
| 801 |
|
0 |
|a RU
|b 63413507
|c 20011209
|g PSBO
|
| 801 |
|
2 |
|a RU
|b 63413507
|c 20050211
|g PSBO
|
| 942 |
|
|
|c BK
|